Géoéconomie revue trimestrielle

Uložené v:
Podrobná bibliografia
Médium: Seriál
Jazyk:French
Vydavateľské údaje: Paris Centre National du Livre et le soutien de l'Institut Européen de Géoéconomie 2008
Predmet:
Tagy: Pridať tag
Žiadne tagy, Buďte prvý, kto otaguje tento záznam!

MARC

LEADER 00000nas2a2200000 4500
001 0147714
005 20120213110139.7
022 |a 1284-9340 
041 0 |a fre 
044 |a FR 
245 1 0 |a Géoéconomie  |b revue trimestrielle 
264 1 |a Paris  |b Centre National du Livre et le soutien de l'Institut Européen de Géoéconomie  |c 2008 
773 0 |w eu_un_cat*s122017 
610 2 0 |a ekonómia 
610 2 0 |a hospodárstvo národné